SEJARAH KEDAH / /

Bibliographic Details
Main Author: Buyong Adil, 1907-1976 (Author)
Format: Book
Language:English
Edition:EDISI SEMAKAN.
Series:SIRI SEJARAH NUSANTARA
Subjects:
LEADER 00877cam a2200301 7i4500
001 0000069904
005 20210126090000.0
005 ##20210126115000.0
003 ##MY-KlINT
008 210126 000 0 eng d
020 # # |a 9789834922412  
039 # 9 |y 202101261150  |z salma 
040 # # |a IKWU 
082 0 0 |a 959.5112 
090 0 0 |a 959.5112   |b BUY 
100 1 # |a Buyong Adil,   |d 1907-1976   |e author 
245 1 0 |a SEJARAH KEDAH / /   |c oleh Haji Buyong Adil. 
250 # # |a EDISI SEMAKAN. 
264 # 0 |a Kuala Lumpur  |b Dewan Bahasa dan Pustaka  |c 2020 
300 # # |a vii,115pages;   |c 22cm. 
336 # # |a text  |2 rdacontent 
337 # # |a unmediated  |2 rdamedia 
338 # # |a volume  |2 rdacarrier 
490 0 # |a SIRI SEJARAH NUSANTARA 
500 # # |a Includes index 
583 # # |a Dlm proses IKWU 
650 # 0 |a Government publications --   |z Malaysia  
651 # 0 |a Kedah (Malaysia) --   |x History